书目信息 |
| 题名: |
大唐西域记
|
|
| 作者: | 玄奘, 口述 ;辩机 , 宋强 笔录 | |
| 分册: | ||
| 出版信息: | 上海 上海社会科学院出版社 2003.07 |
|
| 页数: | 179页 | |
| 开本: | 23cm | |
| 丛书名: | 探索/大旅行家游记 | |
| 单 册: | ||
| 中图分类: | K935.06 | |
| 科图分类: | ||
| 主题词: | ||
| 电子资源: | ||
| ISBN: | 7-80681-185-0 | |
| 000 | 01075nam 2200313 450 | |
| 001 | 0639412454 | |
| 005 | 20060526161646.31 | |
| 010 | @a7-80681-185-0@dCNY48.00 | |
| 099 | @aCAL 012003160090 | |
| 100 | @a20030724d2003 ekmy0chiy0121 ea | |
| 101 | 0 | @achi |
| 102 | @aCN@b310000 | |
| 200 | 1 | @a大唐西域记@Ada tang xi yu ji@e西天取经的历险故事@f(唐) 玄奘口述@g(唐) 辩机笔录@g宋强古译今 |
| 210 | @a上海@c上海社会科学院出版社@d2003.07 | |
| 215 | @a179页@c彩图, 地图, 肖像, 摹真@d23cm | |
| 225 | 0 | @a探索/大旅行家游记@Atan suo / da lv xing jia you ji |
| 300 | @a插图典藏 | |
| 308 | @a封面丛书名: 发现/大旅行家游记 | |
| 410 | 0 | @12001 @a探索大旅行家游记 |
| 513 | 1 | @aRecord of a journey to the western regions@zeng |
| 517 | 1 | @a西天取经的历险故事@Axi tian qu jing de li xian gu shi |
| 607 | @a西域@Axi yu@x历史地理@z唐代 | |
| 690 | @aK935.06@v4 | |
| 701 | 0 | @a玄奘,@Axuan zang@f599-664@4口述 |
| 702 | 0 | @a辩机@Abian ji@4笔录 |
| 702 | 0 | @a宋强@Asong qiang@4译 |
| 801 | 2 | @aCN@bWUL@c20060526 |
| 801 | 0 | @aCN@b110020@c20060507 |
| 905 | @a10447@dK935.06@eX934 | |
| 大唐西域记:西天取经的历险故事/(唐) 玄奘口述/(唐) 辩机笔录/宋强古译今.-上海:上海社会科学院出版社,2003.07 |
| 179页:彩图, 地图, 肖像, 摹真;23cm.-(探索/大旅行家游记) |
| 插图典藏 |
| ISBN 7-80681-185-0:CNY48.00 |
| ● |
| 相关链接 |
|
|
|
正题名:大唐西域记
索取号:K935.06/X934
 
预约/预借
| 序号 | 登录号 | 条形码 | 馆藏地/架位号 | 状态 | 备注 |
| 1 | 604527 | 206045279 | 社科库309/309社科库 26排3列2层/ [索取号:K935.06/X934] | 在馆 | |
| 2 | 604528 | 206045288 | 社科库309/309社科库 26排3列2层/ [索取号:K935.06/X934] | 在馆 |